General catalogue of variable stars (Record no. 6033)
[ view plain ]
| 000 -LEADER | |
|---|---|
| fixed length control field | 00641nam a2200181Ia 4500 |
| 003 - CONTROL NUMBER IDENTIFIER | |
| control field | IN-BaIIA |
| 008 - FIXED-LENGTH DATA ELEMENTS--GENERAL INFORMATION | |
| fixed length control field | 211028s9999 xx 000 0 eng d |
| 040 ## - CATALOGING SOURCE | |
| Transcribing agency | IIA Library |
| 080 ## - UNIVERSAL DECIMAL CLASSIFICATION NUMBER | |
| Universal Decimal Classification number | 083.8:524.3 |
| Item number | KUK |
| 100 ## - MAIN ENTRY--PERSONAL NAME | |
| Personal name | Kukarkin, B. V. |
| 9 (RLIN) | 6422 |
| 245 #0 - TITLE STATEMENT | |
| Title | General catalogue of variable stars |
| Remainder of title | vol. 1 |
| Statement of responsibility, etc. | B. V. Kukarkin |
| 260 ## - PUBLICATION, DISTRIBUTION, ETC. | |
| Place of publication, distribution, etc. | Moscow |
| Name of publisher, distributor, etc. | Astronomical Council of the Academy of Scinces in the USSR |
| Date of publication, distribution, etc. | 1969 |
| 300 ## - PHYSICAL DESCRIPTION | |
| Extent | [various pagings.] |
| 650 ## - SUBJECT ADDED ENTRY--TOPICAL TERM | |
| Topical term or geographic name entry element | Astronomy and astrophysics thesaurus |
| 650 ## - SUBJECT ADDED ENTRY--TOPICAL TERM | |
| Topical term or geographic name entry element | Catalogue - variable stars |
| 9 (RLIN) | 6423 |
| 650 ## - SUBJECT ADDED ENTRY--TOPICAL TERM | |
| Topical term or geographic name entry element | Variable stars catalouge |
| 9 (RLIN) | 10460 |
| 942 ## - ADDED ENTRY ELEMENTS (KOHA) | |
| Koha item type | Books |
| Withdrawn status | Lost status | Damaged status | Not for loan | Home library | Current library | Shelving location | Date acquired | Total Checkouts | Full call number | Barcode | Date last seen | Price effective from | Koha item type |
|---|---|---|---|---|---|---|---|---|---|---|---|---|---|
| IIA Library-Bangalore | IIA Library-Bangalore | General Stacks | 30/11/1978 | 083.8:524.3/ KUK | 6739 | 05/11/2021 | 30/11/1978 | Books |